| 000 | 00382nam a22001457a 4500 | ||
|---|---|---|---|
| 005 | 20250514151852.0 | ||
| 008 | 250514b |||||||| |||| 00| 0 eng d | ||
| 020 | _a9780070424401 | ||
| 050 |
_aHF5548 _b.8 MIN |
||
| 100 | _aMiner, John B. | ||
| 245 | _aIndustrial organization psychology | ||
| 260 |
_aNew York _bMcGraw-Hill, Inc _cc1992 |
||
| 300 | _axxiv, 674p | ||
| 942 |
_2lcc _cBK _n0 |
||
| 999 |
_c5766 _d5766 |
||